000 00508nam a22002051a 4500
001 6838
003 OSt
005 20260204212106.0
008 060724s1975||||sp ||||||b||||||||||spa||
020 _a8471460119
050 _a532 S22e
100 _aSaint - Foulc, Jean D'At de
245 _aEl riego por aspersión / Jean D'At de Saint - Foulc
250 _a3
264 _aBarcelona : Técnicos Asociados
300 _a252 p
500 _aIncluye indice
650 _a1.HidraúlicaÌ
942 _2ddc
_cBK
999 _c6838
_d6838